000 00672nam a2200289Ia 4500
005 20260324134525.0
008 008 260324s9999 xx 000 0 eng d
020 _a9780203036990
037 _aEBOOK
040 _aCRL
040 _beng
040 _cCRL
041 _2eng
041 _aeng
084 _qCRL
100 _aHussein Abdul-Raof
_9141004
245 0 _aQur'an Translation
245 0 _bDiscourse, Texture and Exegesis
260 _bTaylor and Francis
260 _c2001
365 _a
365 _b230
856 _uhttp://www.taylorfrancis.com/books/9780203036990
942 _cEBOOK
999 _c1797330
_d1797330